<?xml version='1.0' encoding='UTF-8'?>
  <record xmlns="http://www.loc.gov/MARC21/slim">
    <leader>00000cam a2200000   4500</leader>
    <controlfield tag="001">on1536485796</controlfield>
    <controlfield tag="003">OCoLC</controlfield>
    <controlfield tag="005">20250920192211.3</controlfield>
    <controlfield tag="008">250917s1477    gw            000 0 lat d</controlfield>
    <datafield tag="040" ind1=" " ind2=" ">
      <subfield code="a">QGJ</subfield>
      <subfield code="b">eng</subfield>
      <subfield code="e">rda</subfield>
      <subfield code="e">dcrmr</subfield>
      <subfield code="c">QGJ</subfield>
      <subfield code="d">QGJ</subfield>
      <subfield code="d">OCLCO</subfield>
      <subfield code="d">QGJ</subfield>
      <subfield code="d">OCLCO</subfield>
    </datafield>
    <datafield tag="035" ind1=" " ind2=" ">
      <subfield code="a">(OCoLC)1536485796</subfield>
    </datafield>
    <datafield tag="100" ind1="0" ind2=" ">
      <subfield code="a">Joannes,</subfield>
      <subfield code="c">of Hildesheim,</subfield>
      <subfield code="d">-1375,</subfield>
      <subfield code="e">author,</subfield>
      <subfield code="e">aut</subfield>
      <subfield code="1">https://id.oclc.org/worldcat/entity/E39PBJqBwg7KKhkC7KYHW6CG73</subfield>
    </datafield>
    <datafield tag="240" ind1="1" ind2="0">
      <subfield code="a">Historia trium regum</subfield>
    </datafield>
    <datafield tag="245" ind1="1" ind2="0">
      <subfield code="a">Liber de gestis ac trina beatissimorum regum t[ra]nslac[i]one. qui gentium primicie &amp; exemplar salutis o[m]nium fuerunt chri[st]iano[rum]</subfield>
    </datafield>
    <datafield tag="246" ind1="1" ind2=" ">
      <subfield code="i">Title according to ISTC:</subfield>
      <subfield code="a">Liber de gestis et translatione trium regum</subfield>
    </datafield>
    <datafield tag="246" ind1="1" ind2=" ">
      <subfield code="i">Title according to GW:</subfield>
      <subfield code="a">Historia beatissimorum trium regum</subfield>
    </datafield>
    <datafield tag="246" ind1="1" ind2=" ">
      <subfield code="i">Title according to IDL:</subfield>
      <subfield code="a">Historia beatissimorum III regum</subfield>
    </datafield>
    <datafield tag="246" ind1="1" ind2=" ">
      <subfield code="i">Title of second work according to ISTC:</subfield>
      <subfield code="a">De festo die epiphaniae</subfield>
    </datafield>
    <datafield tag="246" ind1="1" ind2=" ">
      <subfield code="i">Title of second work according to GW:</subfield>
      <subfield code="a">Notula de festo die Epiphaniae domini</subfield>
    </datafield>
    <datafield tag="246" ind1="1" ind2=" ">
      <subfield code="i">Title of second work according to IDL</subfield>
      <subfield code="a">Notula de festo die Epiphaniae</subfield>
    </datafield>
    <datafield tag="246" ind1="1" ind2=" ">
      <subfield code="i">Title of third and fourth work according to ISTC:</subfield>
      <subfield code="a">Sermones de epiphania domini</subfield>
    </datafield>
    <datafield tag="246" ind1="1" ind2=" ">
      <subfield code="i">Title of third work according to GW:</subfield>
      <subfield code="a">Sermo de epiphania domini „Intelligere possumus“</subfield>
    </datafield>
    <datafield tag="246" ind1="1" ind2=" ">
      <subfield code="i">Title of fourth work according to GW:</subfield>
      <subfield code="a">Sermo de epiphania domini „Proxime fratres carissimi“</subfield>
    </datafield>
    <datafield tag="246" ind1="1" ind2=" ">
      <subfield code="i">Title of third and fourth work according to IDL:</subfield>
      <subfield code="a">Sermones de epiphania</subfield>
    </datafield>
    <datafield tag="264" ind1=" " ind2="1">
      <subfield code="a">[Cologne] :</subfield>
      <subfield code="b">p[er] me Joha[n]nem Guldenschaff,</subfield>
      <subfield code="c">anno a natitate chr[ist]i. M.cccc.lxx.vij. [1477]</subfield>
    </datafield>
    <datafield tag="300" ind1=" " ind2=" ">
      <subfield code="a">[62] leaves ;</subfield>
      <subfield code="c">29 cm (folio)</subfield>
    </datafield>
    <datafield tag="336" ind1=" " ind2=" ">
      <subfield code="a">text</subfield>
      <subfield code="b">txt</subfield>
      <subfield code="2">rdacontent</subfield>
    </datafield>
    <datafield tag="337" ind1=" " ind2=" ">
      <subfield code="a">unmediated</subfield>
      <subfield code="b">n</subfield>
      <subfield code="2">rdamedia</subfield>
    </datafield>
    <datafield tag="338" ind1=" " ind2=" ">
      <subfield code="a">volume</subfield>
      <subfield code="b">nc</subfield>
      <subfield code="2">rdacarrier</subfield>
    </datafield>
    <datafield tag="340" ind1=" " ind2=" ">
      <subfield code="m">folio</subfield>
      <subfield code="2">rdabf</subfield>
    </datafield>
    <datafield tag="340" ind1=" " ind2=" ">
      <subfield code="k">2 columns</subfield>
    </datafield>
    <datafield tag="500" ind1=" " ind2=" ">
      <subfield code="a">Title, printer's name and date of publication statement from colophon (leaf [46] recto), which reads: Liber de gestis ac trina beatissimorum regum t[ra]nslac[i]one. qui gentium primicie &amp; exemplar salutis o[m]nium fuerunt chri[st]iano[rum] p[er] me Joha[n]nem Guldenschaff de magu[n]cia anno a natitate chr[ist]i. M.cccc.lxx.vij. fideli exarac[i]o[n]e imp[re]ssus: finit feliciter.</subfield>
    </datafield>
    <datafield tag="500" ind1=" " ind2=" ">
      <subfield code="a">Publication place from ISTC.</subfield>
    </datafield>
    <datafield tag="500" ind1=" " ind2=" ">
      <subfield code="a">Contains also a table of contents on Historia trium regum (leaf [46] verso-[48] verso, with incipit: In librum de gestis ac trina beatissimo[rum] trium regum translacione qui gencium primicie exemplarq[ue] salutis eterne cunctorum extitere cristianorum: registrum feliciter incipit.</subfield>
    </datafield>
    <datafield tag="505" ind1="0" ind2="0">
      <subfield code="g">Contains also (leaf [49] recto-[59] recto):</subfield>
      <subfield code="t">Sup[er] mathei eua[n]geliu[m] venerabilis d[omi]ni Alberti magni notula de festo die epiphanie d[om]ini --</subfield>
      <subfield code="g">Leaf [59] recto-[60] recto:</subfield>
      <subfield code="t">Sermo b[ea]tissimi Augusti de epiphania d[omi]ini,</subfield>
      <subfield code="g">followed by a second sermon (leaf [60] recto-[61]verso:</subfield>
      <subfield code="t">Sermo beati Augustini de quo supra.</subfield>
    </datafield>
    <datafield tag="500" ind1=" " ind2=" ">
      <subfield code="a">Caption line leaf [1] recto: Reuere[n]dissimo in chr[ist]o patri ac d[omi]no flore[n]cio de weuelkouen diuini prouidencia monasterien[n]sis ecc[les]ie episcopo disgnissimo.</subfield>
    </datafield>
    <datafield tag="500" ind1=" " ind2=" ">
      <subfield code="a">Leaf [59] recto: Euangeliu[m] venerabil[is] domini Alberti magni super festo die epiphanie d[om[ini explicit feliciter. Sermo b[ea]tissimi Augusti de epiphania d[omi]ini incipit multum notabilis.</subfield>
    </datafield>
    <datafield tag="500" ind1=" " ind2=" ">
      <subfield code="a">"Sermones de epiphania domini" falsely attributed to Augustine of Hippo.</subfield>
    </datafield>
    <datafield tag="500" ind1=" " ind2=" ">
      <subfield code="a">Text printed in two columns.</subfield>
    </datafield>
    <datafield tag="500" ind1=" " ind2=" ">
      <subfield code="a">Capital spaces without guide letters.</subfield>
    </datafield>
    <datafield tag="500" ind1=" " ind2=" ">
      <subfield code="a">Signatures: [a-f¹⁰ g¹²]; g12 is blank.</subfield>
    </datafield>
    <datafield tag="510" ind1="4" ind2=" ">
      <subfield code="a">Incunabula Short Title Catalogue,</subfield>
      <subfield code="c">ij00336000</subfield>
      <subfield code="u">https://data.cerl.org/istc/ij00336000</subfield>
    </datafield>
    <datafield tag="510" ind1="4" ind2=" ">
      <subfield code="a">Gesamtkatalog der Wiegendrucke,</subfield>
      <subfield code="c">M14009</subfield>
      <subfield code="u">https://www.gesamtkatalogderwiegendrucke.de/docs/M14009.htm</subfield>
    </datafield>
    <datafield tag="510" ind1="4" ind2=" ">
      <subfield code="a">Incunabula in Dutch Libraries,</subfield>
      <subfield code="c">2697</subfield>
    </datafield>
    <datafield tag="510" ind1="4" ind2=" ">
      <subfield code="a">Bayerische Staatsbibliothek Inkunabelkatalog,</subfield>
      <subfield code="c">I-439</subfield>
      <subfield code="u">https://inkunabeln.digitale-sammlungen.de/Ausgabe_I-439.html</subfield>
    </datafield>
    <datafield tag="650" ind1=" " ind2="0">
      <subfield code="a">Epiphany.</subfield>
    </datafield>
    <datafield tag="650" ind1=" " ind2="0">
      <subfield code="a">Magi.</subfield>
    </datafield>
    <datafield tag="650" ind1=" " ind2="6">
      <subfield code="a">Épiphanie.</subfield>
    </datafield>
    <datafield tag="650" ind1=" " ind2="6">
      <subfield code="a">Mages.</subfield>
    </datafield>
    <datafield tag="650" ind1=" " ind2="7">
      <subfield code="a">magi (clergy)</subfield>
      <subfield code="2">aat</subfield>
    </datafield>
    <datafield tag="650" ind1=" " ind2="7">
      <subfield code="a">Epiphany</subfield>
      <subfield code="2">fast</subfield>
    </datafield>
    <datafield tag="655" ind1=" " ind2="7">
      <subfield code="a">incunabula (books)</subfield>
      <subfield code="2">aat</subfield>
    </datafield>
    <datafield tag="655" ind1=" " ind2="7">
      <subfield code="a">Incunabula.</subfield>
      <subfield code="2">lcgft</subfield>
    </datafield>
    <datafield tag="655" ind1=" " ind2="7">
      <subfield code="a">Incunables.</subfield>
      <subfield code="2">rvmgf</subfield>
    </datafield>
    <datafield tag="700" ind1="0" ind2=" ">
      <subfield code="a">Albertus,</subfield>
      <subfield code="c">Magnus, Saint,</subfield>
      <subfield code="d">1193?-1280,</subfield>
      <subfield code="e">author.</subfield>
      <subfield code="4">aut</subfield>
      <subfield code="1">https://id.oclc.org/worldcat/entity/E39PCjGMRcMxpKBxFQkHTPYhgX</subfield>
    </datafield>
    <datafield tag="700" ind1="0" ind2="2">
      <subfield code="i">Container of (work):</subfield>
      <subfield code="a">Albertus,</subfield>
      <subfield code="c">Magnus, Saint,</subfield>
      <subfield code="d">1193?-1280.</subfield>
      <subfield code="t">Notula de festo die epiphaniae.</subfield>
    </datafield>
    <datafield tag="700" ind1="0" ind2=" ">
      <subfield code="a">Augustine,</subfield>
      <subfield code="c">of Hippo, Saint,</subfield>
      <subfield code="d">354-430,</subfield>
      <subfield code="e">attributed name.</subfield>
      <subfield code="4">att</subfield>
      <subfield code="1">https://id.oclc.org/worldcat/entity/E39PBJmDhMY9wQ8PqWFFxJfDv3</subfield>
    </datafield>
    <datafield tag="700" ind1="0" ind2=" ">
      <subfield code="a">Floris,</subfield>
      <subfield code="c">van Wevelinkhoven, Bishop of Utrecht,</subfield>
      <subfield code="d">-1393,</subfield>
      <subfield code="e">dedicatee.</subfield>
      <subfield code="4">dte</subfield>
    </datafield>
    <datafield tag="700" ind1="1" ind2=" ">
      <subfield code="a">Guldenschaff, Johann,</subfield>
      <subfield code="d">active 1477-1490,</subfield>
      <subfield code="e">printer.</subfield>
      <subfield code="4">prt</subfield>
      <subfield code="1">https://id.oclc.org/worldcat/entity/E39PCjCP3qgbr8RcXQyrt9Cb3P</subfield>
    </datafield>
    <datafield tag="752" ind1=" " ind2=" ">
      <subfield code="a">Germany</subfield>
      <subfield code="d">Cologne,</subfield>
      <subfield code="e">publication place.</subfield>
      <subfield code="4">pup</subfield>
    </datafield>
    <datafield tag="758" ind1=" " ind2=" ">
      <subfield code="i">has work:</subfield>
      <subfield code="a">Liber de gestis et translatione trium regum (Text)</subfield>
      <subfield code="1">https://id.oclc.org/worldcat/entity/E39PCGKRhyQFbbGbC8HBMDFtcd</subfield>
      <subfield code="4">https://id.oclc.org/worldcat/ontology/hasWork</subfield>
    </datafield>
  </record>